| 000 | 02608nam a2200253 4500 | ||
|---|---|---|---|
| 003 | vecauma | ||
| 005 | 20260421133958.0 | ||
| 007 | ta | ||
| 008 | 260421b ve ||||| |||| 00| 0 spa d | ||
| 020 | _a9684099312 | ||
| 040 |
_avecauma _bspa _cvecauma _dvecauma _erda |
||
| 041 | _aspa | ||
| 100 | 1 | _eautor | |
| 245 | 1 |
_aRelaciones públicas _bTexto que orienta, guía, define, precisa y explica esta actividad fundamental _c/ Manuel Alfonso, Carlos Bonilla, Ronald A. Dickins, Jean Domette, Mariano Durán De La Cuesta, Enrique Figueroa Héctor De La Garza, Servando González, César Hernández, Juan Lavalle, Ma. Eugenia Moreno, Juan Sánchez Navarro, Concepción Solana |
|
| 264 |
_aMéxico: _bEdamex; _c1997. |
||
| 300 | _a221 páginas. | ||
| 336 |
_atexto _btxt _2rdacontenido |
||
| 337 |
_ano mediado _bn _2rdamedio |
||
| 338 |
_avolumen _bnc _2rdasoporte |
||
| 505 | 0 |
_tPerfil de las relaciones públicas _r/ Juan Lavalle. -- _tLas relaciones públicas en acción _r/ Mariano Durán de la Cuesta. -- _tLas relaciones públicas en el campo educacional _r/ Jean Domette. -- _tLas relaciones públicas y la alta gerencia (1965) _r/ Juan Sánchez Navarro. -- _tRelaciones con los medios _r/ Manuel Alonso Coratella. -- _tLas relaciones públicas en el sector gubernamental _r/ Ma. Eugenia Moreno y Servando González Muñoz. -- _tLas relaciones públicas y su importancia en el sector financiero _r/ Concepción Solana. -- _tTurismo y relaciones públicas _r/ Enrique Figueroa. -- _tRelaciones públicas en la industria _r/ Carlos Bonilla Gutiérrez. -- _tEl comercio y las relaciones públicas _r/ Héctor de la Garza Loeb. -- _tRelaciones públicas en organismos representativos _r/ César Hernández Espejo. -- _tLas relaciones públicas en organismos no lucrativos _r/ Ronald A. Dickins Lara. -- |
|
| 520 | 3 | _aUn puñado selecto de profesionales de las relaciones públicas, convocado por la Academia Nacional, redactó el libro que tiene usted en sus manos. El mejor tratado que sobre esta materia se ha escrito en México. No sólo los estudiantes de Ciencias de la Comunicación, sino cualquier persona que posea una empresa, grande o pequeña, y que desee conocer a fondo la importancia de las relaciones públicas, encontrará en esta obra una guía eficaz. Las buenas relaciones públicas son fundamentales para la marcha exitosa de cualquier actividad, como la empresarial, y también la profesional y hasta la personal. EDAMEX se enorgullece de presentar al culto público de habla hispana esta obra trascendente. | |
| 942 | 1 |
_2lcc _n0 _cBK |
|
| 999 |
_c13408 _d13408 |
||